000 00450nam a22001697a 4500
003 NUST - PNEC
005 20170116180852.0
008 150826b xxu||||| |||| 00| 0 eng d
020 _a8120314786
040 _cLIBRARY
082 _a610.285 TOM
100 _95727
_aTompkins Wlis J.
245 _aBiomesdical Digital Signal Processing
_cWills J. Tompkins
260 _cc.1995
650 _95738
_aMedicine--Data processing
_xMIS
942 _2ddc
_cBK
999 _c64647
_d64647